Геохимия подземных вод Ольховско-Чибижекского рудного района; Известия Томского политехнического университета [Известия ТПУ]; Т. 305, вып. 6 : Геология, поиски и разведка полезных ископаемых Сибири
| Parent link: | Известия Томского политехнического университета [Известия ТПУ]/ Томский политехнический университет (ТПУ).— , 2000- Т. 305, вып. 6 : Геология, поиски и разведка полезных ископаемых Сибири.— 2002.— [С. 366-379] |
|---|---|
| Hovedforfatter: | |
| Andre forfattere: | |
| Summary: | Заглавие с титульного листа Электронная версия печатной публикации В работе рассматриваются гидрогеохимические условия Ольховско-Чибижекского рудного района. Показаны закономерности изменчивости состава вод, определяющиеся гидродинамической обстановкой, характером водовмещающих пород и минералогическими особенностями руд. Оценены формы водной миграции ряда химических элементов и равновесность вод с различными минералами |
| Sprog: | russisk |
| Udgivet: |
2002
|
| Serier: | Гидрогеология |
| Fag: | |
| Online adgang: | http://www.lib.tpu.ru/fulltext/v/Bulletin_TPU/2002/v305/i6/31.pdf |
| Format: | MixedMaterials Electronisk Book Chapter |
| KOHA link: | https://koha.lib.tpu.ru/cgi-bin/koha/opac-detail.pl?biblionumber=166078 |
MARC
| LEADER | 00000nla2a2200000 4500 | ||
|---|---|---|---|
| 001 | 166078 | ||
| 005 | 20240205155842.0 | ||
| 035 | |a (RuTPU)RU\TPU\book\180153 | ||
| 035 | |a RU\TPU\book\180152 | ||
| 090 | |a 166078 | ||
| 100 | |a 20090924d2002 k y0rusy50 ca | ||
| 101 | 0 | |a rus | |
| 102 | |a RU | ||
| 135 | |a drnn ---uucaa | ||
| 200 | 1 | |a Геохимия подземных вод Ольховско-Чибижекского рудного района |f Е. М. Дутова, В. К. Бернатонис | |
| 215 | |a 1 файл (9.9 Мб) | ||
| 225 | 1 | |a Гидрогеология | |
| 300 | |a Заглавие с титульного листа | ||
| 300 | |a Электронная версия печатной публикации | ||
| 320 | |a [Библиогр.: с. 379 (8 назв.)] | ||
| 330 | |a В работе рассматриваются гидрогеохимические условия Ольховско-Чибижекского рудного района. Показаны закономерности изменчивости состава вод, определяющиеся гидродинамической обстановкой, характером водовмещающих пород и минералогическими особенностями руд. Оценены формы водной миграции ряда химических элементов и равновесность вод с различными минералами | ||
| 337 | |a Adobe Reader | ||
| 461 | 1 | |0 (RuTPU)RU\TPU\book\176237 |t Известия Томского политехнического университета [Известия ТПУ] |f Томский политехнический университет (ТПУ) |d 2000- | |
| 463 | 1 | |0 (RuTPU)RU\TPU\book\180006 |t Т. 305, вып. 6 : Геология, поиски и разведка полезных ископаемых Сибири |o тематический выпуск |v [С. 366-379] |d 2002 |p 446 с. | |
| 610 | 1 | |a геохимия | |
| 610 | 1 | |a подземные воды | |
| 610 | 1 | |a Ольховско-Чибижекский рудный район | |
| 610 | 1 | |a гидрогеохимические основы | |
| 610 | 1 | |a химический состав | |
| 610 | 1 | |a труды учёных ТПУ | |
| 610 | 1 | |a электронный ресурс | |
| 610 | 1 | |a Восточные Саяны | |
| 610 | 1 | |a гидрогеохимические условия | |
| 610 | 1 | |a химические элементы | |
| 610 | 1 | |a миграция элементов | |
| 610 | 1 | |a минералы | |
| 610 | 1 | |a равновесность вод | |
| 610 | 1 | |a водная миграция | |
| 700 | 1 | |a Дутова |b Е. М. |c гидрогеолог |c профессор Томского политехнического университета, доктор геолого-минералогических наук |f 1956- |g Екатерина Матвеевна |3 (RuTPU)RU\TPU\pers\26078 |9 11916 | |
| 701 | 1 | |a Бернатонис |b В. К. |c российский геолог |c доцент Томского политехнического университета, кандидат геолого-минералогических наук |f 1944- |g Вилис Казимирович |3 (RuTPU)RU\TPU\pers\25036 | |
| 801 | 1 | |a RU |b 63413507 |c 20090623 |g PSBO | |
| 801 | 2 | |a RU |b 63413507 |c 20210420 |g PSBO | |
| 856 | 4 | |u http://www.lib.tpu.ru/fulltext/v/Bulletin_TPU/2002/v305/i6/31.pdf | |
| 942 | |c CF | ||